| 000 | 01669nam a2200193 4500 | ||
|---|---|---|---|
| 008 | 171102b xxu||||| |||| 00| 0 eng d | ||
| 020 | _a981-4009-20-2 | ||
| 082 |
_21998. _aDC 621.5 _bD74 |
||
| 100 |
_923048 _aDossat, Roy J |
||
| 245 |
_aPrinciples of refrigeration / _cRoy J. Dossat |
||
| 250 | _aFourth Edition | ||
| 260 |
_aEnglewood Cliffs, New Jersey : _bPrentice Hall, _c©1998. |
||
| 300 |
_axv, 512 pages : _billustrations ; _c29 cm. |
||
| 500 | _aIncludes indexes. | ||
| 505 | _aPreface Acknowledgments Ch. 1 Pressure, Work, Power, Energy 1 Ch. 2 Matter, Internal Energy, Heat, Temperature 14 Ch. 3 Ideal Gas Processes 25 Ch. 4 Saturated and Superheated Vapors 44 Ch. 5 Psychrometric Properties of Air 58 Ch. 6 Refrigeration and the Vapor Compression System 86 Ch. 7 Cycle Diagrams and the Simple Saturated Cycle 102 Ch. 8 Actual Refrigerating Cycles 118 Ch. 9 Survey of Refrigeration Applications 131 Ch. 10 Cooling Load Calculations 151 Ch. 11 Evaporators 177 Ch. 12 Performance of Reciprocating Compressors 212 Ch. 13 System Equilibrium and Cycling Controls 229 Ch. 14 Condensers and Cooling Towers 248 Ch. 15 Fluid Flow, Centrifugal Liquid Pumps, Water and Brine Piping 279 Ch. 16 Refrigerants 294 Ch. 17 Refrigerant Flow Controls 334 Ch. 18 Compressor Construction and Lubrication 370 Ch. 19 Refrigerant Piping and Accessories 404 Ch. 20 Defrost Methods - Low Temperature, Multiple Temperature, and Absorption Refrigeration Systems 437 Ch. 21 Electric Motors and Control Circuits 460 Tables 480 Index 503 | ||
| 650 | 0 |
_923049 _aRefrigeration and refrigerating machinery |
|
| 365 |
_b425.00 _cPhp |
||
| 942 |
_2ddc _cDC |
||
| 999 |
_c7629 _d7629 |
||